<?xml version="1.0" encoding="UTF-8"?><?xml-stylesheet type="text/xsl" href="static/style.xsl"?><OAI-PMH xmlns="http://www.openarchives.org/OAI/2.0/" xmlns:xsi="http://www.w3.org/2001/XMLSchema-instance" xsi:schemaLocation="http://www.openarchives.org/OAI/2.0/ http://www.openarchives.org/OAI/2.0/OAI-PMH.xsd"><responseDate>2026-06-05T12:22:37Z</responseDate><request verb="GetRecord" identifier="oai:riuma.uma.es:10630/46376" metadataPrefix="marc">https://riuma.uma.es/rest/oai/request</request><GetRecord><record><header><identifier>oai:riuma.uma.es:10630/46376</identifier><datestamp>2026-04-14T23:47:27Z</datestamp><setSpec>com_10630_2254</setSpec><setSpec>col_10630_37953</setSpec></header><metadata><record xmlns="http://www.loc.gov/MARC21/slim" xmlns:dcterms="http://purl.org/dc/terms/" xmlns:doc="http://www.lyncode.com/xoai" xmlns:xsi="http://www.w3.org/2001/XMLSchema-instance" xsi:schemaLocation="http://www.loc.gov/MARC21/slim http://www.loc.gov/standards/marcxml/schema/MARC21slim.xsd">
   <leader>00925njm 22002777a 4500</leader>
   <datafield ind2=" " ind1=" " tag="042">
      <subfield code="a">dc</subfield>
   </datafield>
   <datafield ind2=" " ind1=" " tag="720">
      <subfield code="a">Bermudo-Gamboa, Carolina</subfield>
      <subfield code="e">author</subfield>
   </datafield>
   <datafield ind2=" " ind1=" " tag="720">
      <subfield code="a">Bañón-García, Fermín</subfield>
      <subfield code="e">author</subfield>
   </datafield>
   <datafield ind2=" " ind1=" " tag="720">
      <subfield code="a">Martín-Béjar, Sergio</subfield>
      <subfield code="e">author</subfield>
   </datafield>
   <datafield ind2=" " ind1=" " tag="720">
      <subfield code="a">López Fernández, José Andrés</subfield>
      <subfield code="e">author</subfield>
   </datafield>
   <datafield ind2=" " ind1=" " tag="260">
      <subfield code="c">2026-03-31</subfield>
   </datafield>
   <datafield ind2=" " ind1=" " tag="520">
      <subfield code="a">The fatigue performance of polymer components fabricated by Fused Filament Fabrication (FFF) under cyclic loading is strongly influenced by their internal structure, defined by the infill pattern, density, and shell configuration, among others. Usual standard rotating bending fatigue procedures, such as those described in ISO 1143:2010, assume solid and homogeneous sections, leading to inaccurate stress estimations when applied to FFF specimens. In the absence of a specific fatigue standard for additive printed specimens, this work proposes and compares four analytical models for estimating the maximum surface stress in FFF-printed specimens subjected to rotating bending fatigue tests. The models vary in geometric fidelity, from a conventional solid-section assumption to an Analytical Geometry-Based model (AGB) that incorporates shell ovalization and non-uniform thickness. The accuracy of each method is evaluated by comparing the resulting S-N curves to experimental fatigue data obtained in this study and to results from existing literature.</subfield>
   </datafield>
   <datafield ind1="8" ind2=" " tag="024">
      <subfield code="a">Carolina Bermudo Gamboa et al 2026 Meas. Sci. Technol. in press https://doi.org/10.1088/1361- 6501/ae5997</subfield>
   </datafield>
   <datafield ind1="8" ind2=" " tag="024">
      <subfield code="a">https://hdl.handle.net/10630/46376</subfield>
   </datafield>
   <datafield ind1="8" ind2=" " tag="024">
      <subfield code="a">10.1088/1361-6501/ae5997</subfield>
   </datafield>
   <datafield tag="653" ind2=" " ind1=" ">
      <subfield code="a">Impresión 3D</subfield>
   </datafield>
   <datafield tag="653" ind2=" " ind1=" ">
      <subfield code="a">Materiales - Fatiga</subfield>
   </datafield>
   <datafield ind2="0" ind1="0" tag="245">
      <subfield code="a">Revisiting Rotating Bending Fatigue in FFF Polymer Specimens Using Geometry-Based Cross-Section Properties for Stress Estimation.</subfield>
   </datafield>
</record>
</metadata></record></GetRecord></OAI-PMH>